Образовательная среда вуза как фактор успешности адаптации иностранных студентов; Уровневая подготовка специалистов: электронное обучение и открытые образовательные ресурсы
| Parent link: | Уровневая подготовка специалистов: электронное обучение и открытые образовательные ресурсы.— 2014.— [С. 369-371] |
|---|---|
| Հիմնական հեղինակ: | |
| Համատեղ հեղինակ: | |
| Այլ հեղինակներ: | |
| Ամփոփում: | Заглавие с титульного листа. Training efficiency for foreign students depends on how well they adapt to the new environment. The article shows the role of University student-centered environment in the socio-psychological adaptation for foreign students. Provides clear definitions of student-centered environment, socio-psychological adaptation. |
| Լեզու: | ռուսերեն |
| Հրապարակվել է: |
2014
|
| Շարք: | Разработка и реализация основных образовательных программ (ООП). Партнерство и сетевое взаимодействие университетов и предприятий |
| Խորագրեր: | |
| Առցանց հասանելիություն: | http://earchive.tpu.ru/handle/11683/25684 http://www.lib.tpu.ru/fulltext/c/2014/C09/151.pdf |
| Ձևաչափ: | MixedMaterials Էլեկտրոնային Գրքի գլուխ |
| KOHA link: | https://koha.lib.tpu.ru/cgi-bin/koha/opac-detail.pl?biblionumber=610259 |
MARC
| LEADER | 00000naa2a2200000 4500 | ||
|---|---|---|---|
| 001 | 610259 | ||
| 005 | 20260402100003.0 | ||
| 035 | |a (RuTPU)RU\TPU\conf\7855 | ||
| 035 | |a RU\TPU\conf\7853 | ||
| 090 | |a 610259 | ||
| 100 | |a 20150115d2014 k y0rusy50 ca | ||
| 101 | 0 | |a rus | |
| 102 | |a RU | ||
| 135 | |a drcn ---uucaa | ||
| 181 | 0 | |a i | |
| 182 | 0 | |a b | |
| 200 | 1 | |a Образовательная среда вуза как фактор успешности адаптации иностранных студентов |d Higher educational environment as factor of foreign students adaptation success |f О. В. Марухина, Е. Е. Мокина | |
| 203 | |a Текст |c электронный | ||
| 225 | 1 | |a Разработка и реализация основных образовательных программ (ООП). Партнерство и сетевое взаимодействие университетов и предприятий | |
| 300 | |a Заглавие с титульного листа. | ||
| 320 | |a [Библиогр.: с. 370-371 (2 назв.)] | ||
| 330 | |a Training efficiency for foreign students depends on how well they adapt to the new environment. The article shows the role of University student-centered environment in the socio-psychological adaptation for foreign students. Provides clear definitions of student-centered environment, socio-psychological adaptation. | ||
| 337 | |a Adobe Reader | ||
| 463 | 1 | |0 (RuTPU)RU\TPU\conf\7637 |t Уровневая подготовка специалистов: электронное обучение и открытые образовательные ресурсы |o сборник трудов I Всероссийской научно-методической конференции, 20-21 марта 2014 г., Томск |f Национальный исследовательский Томский политехнический университет (ТПУ) ; ред. кол. А. И. Чучалин [и др.] |v [С. 369-371] |d 2014 | |
| 510 | 1 | |a Higher educational environment as factor of foreign students adaptation success |z eng | |
| 610 | 1 | |a электронный ресурс | |
| 610 | 1 | |a труды учёных ТПУ | |
| 610 | 1 | |a образовательная среда | |
| 610 | 1 | |a адаптация | |
| 610 | 1 | |a иностранные студенты | |
| 610 | 1 | |a обучение | |
| 700 | 1 | |a Марухина |b О. В. |c специалист в области оценки качества образования |c доцент Томского политехнического университета, кандидат технических наук |f 1974- |g Ольга Владимировна |3 (RuTPU)RU\TPU\pers\25935 |9 11785 | |
| 701 | 1 | |a Мокина |b Е. Е. |c специалист в области информатики и вычислительной техники |c старший преподаватель Томского политехнического университета, инженер |f 1978- |g Елена Евгеньевна |3 (RuTPU)RU\TPU\pers\26572 |9 12261 | |
| 712 | 0 | 2 | |a Национальный исследовательский Томский политехнический университет (ТПУ) |b Институт кибернетики (ИК) |b Кафедра оптимизации систем управления (ОСУ) |3 (RuTPU)RU\TPU\col\18702 |
| 801 | 2 | |a RU |b 63413507 |c 20210408 |g RCR | |
| 856 | 4 | |u http://earchive.tpu.ru/handle/11683/25684 | |
| 856 | 4 | |u http://www.lib.tpu.ru/fulltext/c/2014/C09/151.pdf | |
| 942 | |c BK | ||